Click Capitals Of Asia On A Map - Statistics

General Stats
  • This quiz has been taken 75 times
  • The average score is 37 of 48
Answers on the Map
Answers color-coded by a green-red scale on the quiz's map according to % correct below.
 
Answer Stats
Answer % Correct
Tokyo
94%
Beijing
91%
New Delhi
91%
Abu Dhabi
89%
Manila
89%
Sri Jayawardenepura Kotte
89%
Ankara
87%
Bangkok
87%
Hanoi
87%
Kuwait City
87%
Pyongyang
87%
Seoul
87%
Singapore
87%
Taipei
87%
Ulaanbaatar
87%
Jakarta
85%
Tehran
83%
Islamabad
81%
Jerusalem
81%
Nicosia
81%
Kabul
79%
Riyadh
79%
Amman
77%
Phnom Penh
77%
Damascus
74%
Male
74%
Astana
72%
Baghdad
72%
Dhaka
72%
Doha
72%
Kuala Lumpur
72%
Muscat
72%
Sana'a
72%
Tbilisi
72%
Vientiane
72%
Beirut
70%
Kathmandu
70%
Baku
68%
Naypyidaw
68%
Bandar Seri Begawan
66%
Dili
66%
Thimphu
66%
Yerevan
66%
Ashgabat
60%
Bishkek
60%
Dushanbe
55%
Manama
55%
Tashkent
53%
No matching quizzes found
Score Distribution
Percent of People with Each Score
Percentile by Number Answered
Your Score History
You have not taken this quiz